Instrumental realism (Record no. 20159)
[ view plain ]
| 000 -LEADER | |
|---|---|
| fixed length control field | 00445nam a2200181Ia 4500 |
| 003 - CONTROL NUMBER IDENTIFIER | |
| control field | 0100 |
| 008 - FIXED-LENGTH DATA ELEMENTS--GENERAL INFORMATION | |
| fixed length control field | 130303s9999 xx 000 0 und d |
| 040 ## - CATALOGING SOURCE | |
| Transcribing agency | ARRUPELIB |
| 050 ## - LIBRARY OF CONGRESS CALL NUMBER | |
| Classification number | T14.I3521991 |
| 100 ## - MAIN ENTRY--PERSONAL NAME | |
| Personal name | Ihde, Don |
| 245 ## - TITLE STATEMENT | |
| Title | Instrumental realism |
| 245 ## - TITLE STATEMENT | |
| Remainder of title | the interface between philosophy of science and philosophy of technology |
| 260 ## - PUBLICATION, DISTRIBUTION, ETC. (IMPRINT) | |
| Place of publication, distribution, etc | Bloomington IN |
| 260 ## - PUBLICATION, DISTRIBUTION, ETC. (IMPRINT) | |
| Name of publisher, distributor, etc | IN UP |
| 260 ## - PUBLICATION, DISTRIBUTION, ETC. (IMPRINT) | |
| -- | 1991 |
| 300 ## - PHYSICAL DESCRIPTION | |
| Extent | 159p |
| 942 00 - ADDED ENTRY ELEMENTS (KOHA) | |
| Koha issues (borrowed), all copies | 6 |
| Withdrawn status | Lost status | Source of classification or shelving scheme | Damaged status | Not for loan | Collection code | Home library | Current library | Shelving location | Date acquired | Total Checkouts | Full call number | Barcode | Date last seen | Date checked out | Copy number | Price effective from | Koha item type |
|---|---|---|---|---|---|---|---|---|---|---|---|---|---|---|---|---|---|
| Library of Congress Classification | Main Collection | ARRUPE LIBRARY | ARRUPE LIBRARY | 04/03/2013 | 6 | T14.I3521991 | 46003072403 | 11/09/2019 | 30/03/2015 | 1 | 04/03/2013 | Monograph ( Printed materials) |